Central Library OPAC University of Rajshahi

স্মারক গ্রন্থ / (Record no. 77738)

MARC details
000 -LEADER
fixed length control field 00908nam a2200217 a 4500
001 - CONTROL NUMBER
control field 77738
003 - CONTROL NUMBER IDENTIFIER
rucl marc code BD-RjUL
005 - DATE AND TIME OF LATEST TRANSACTION
control field 20211209083022.0
008 - FIXED-LENGTH DATA ELEMENTS--GENERAL INFORMATION
fixed length control field 210104s2011 bg ||||| |||| 00| 0 ben d
035 ## - SYSTEM CONTROL NUMBER
System control number (BD-RjUL)77964
040 ## - CATALOGING SOURCE
Original cataloging agency BD-RjUL
Language of cataloging eng
Transcribing agency BD-RjUL
041 ## - LANGUAGE CODE
Language code of text/sound track or separate title ben
082 ## - DEWEY DECIMAL CLASSIFICATION NUMBER
Edition number 23
Classification number 378.5492409
Author mark and year SMA 2011
245 00 - TITLE STATEMENT
Title স্মারক গ্রন্থ /
Statement of responsibility, etc. সরকারি আজিজুল হক কলেজ /
260 ## - PUBLICATION, DISTRIBUTION, ETC. (IMPRINT)
Place of publication, distribution, etc. বগুড়া :
Name of publisher, distributor, etc. সরকারি আজিজুল হক কলেজ,
Date of publication, distribution, etc. ২০১১
300 ## - PHYSICAL DESCRIPTION
Pagination ৫০১ পৃ.:
Illustrations চিত্র;
Size ২৪ সেমি.
650 ## - SUBJECT ADDED ENTRY--TOPICAL TERM
Topical term or geographic name as entry element কলেজ (সরকারি আজিজুল হক কলেজ)
General subdivision ইতিহাস
9 (RLIN) 243226
Topical term or geographic name as entry element College (Government Azizul Haque College)
General subdivision History
9 (RLIN) 243227
710 ## - ADDED ENTRY--CORPORATE NAME
Corporate name or jurisdiction name as entry element সরকারি আজিজুল হক কলেজ
9 (RLIN) 243228
942 ## - ADDED ENTRY ELEMENTS (KOHA)
Source of classification or shelving scheme Dewey Decimal Classification
Koha item type Books
Holdings
Lost status Source of classification or shelving scheme Damaged status Not for loan Collection code Permanent Location Current Location Shelving location Date acquired Source of acquisition Total Checkouts Full call number Date last seen Copy number Koha item type
  Dewey Decimal Classification   Not For Loan Non-fiction Central Library, University of Rajshahi Central Library, University of Rajshahi Reading Room 31/03/2012 Government Azizul Haque College   B 378.5492409 SMA 2011 04/01/2021 C-1 Books